000 00859nam a2200253 i 4500
001 117534
003 ES-MaACL
005 20251215104723.0
007 t|
008 070214s1909 sp g c |||| | cat d
080 _a78
100 1 _aPedrell, Felipe,
_d1841-1922
_989905
245 1 0 _aCatalech de la Biblioteca Musical de la Diputación de Barcelona /
_cFelipe Pedrell.
260 _aVillanueva y Geltru :
_bOliva,
_c1909.
300 _a2 v. ;
_c28 cm.
530 _aDisponible en formato digital.
650 4 _aMúsica-
_vCatálogos.
_9157755
650 0 4 _aMúsica-
_vBibliografías.
_915378
710 1 _aBarcelona (Provincia).
_bDiputación Provincial.
_92148
852 _aES-MaACL
_jC-2345-46
_cSPAL
856 4 _uhttp://bdh-rd.bne.es/viewer.vm?id=0000009638&page=1
_y(Biblioteca Digital Hispánica)
942 _2udc
999 _c117534
_d117534